000 04879nam1a22004571 4500
001 RU\NLR\A1\20047
005 20260409064357.0
035 _a(NLR Aleph) 009675506
090 _a9680653
_c9680653
100 _a19980327d1790 k y0rusy50 ca
101 2 _arus
_cfre
102 _aRU
140 _ay y ba yaa0000
200 1 _aТеатр судоведения, или Чтение для судей и всех любителей юриспруденции,
_eсодержащее достопримечательныя и любопытныя судебныя дела, юридическия изследования знаменитых правоискустников и прочия сего рода произшествия, удобныя просвещать, трогать, возбуждать к добродетели и составлять полезное и приятное времяпровождение.
_fСобрал и издал Василий Новиков
210 _aВ Санктпетербурге
_cпечатано у Вильковскаго
_d1790
215 _d
300 _aЦенз.: с дозволения Управы благочиния (тит. л.)
300 _aИмеется титул. изд. (М., 1791). См. СК XVIII 4664
300 _aВ предисл.: кн. содерж. также пер. очерков из кн. Ф. Гайо де Питаваля "Causes celebres et interessantes, avec les jugemens qui les ont décidées". Издатель приводит из этой и из др. книг примеры судопроизводства. См.: Словарь рус. писателей XVIII в. СПб., 1999. Вып.3. С.358-359
300 _aПосвящ. авт. имп. Екатерине II на с.[3-8]
321 1 _aСК XVIII 4663
321 1 _aСловарь рус. писателей XVIII в. СПб., 1999. Вып.3. С.358-359
451 1 _1001RU\NLR\A1\20049
_12001#$aТеатр судоведения или Чтение для судей и всех любителей юриспруденции,$eСодержащее достопримечательныя и любопытныя судебныя дела, юридическия изследования знаменитых провоискусников [!] и прочия сего рода произшествия, удобныя просвещать, трогать, возбуждать к добродетели и составлять полезное и приятное времяпровождение.$fСобрал Василий Новиков.
_1700#1$aНовиков$bВ. В.$f1767 или 1768-до 1810$gВасилий Васильевич$4070
_99680659
_aНовиков, В.В. (1767 или 1768-до 1810)
_cМосква
_d1791-1792
_fСобрал Василий Новиков.
_nв Университетской типографии, у В.Окорокова
_oсодержащее достопримечательныя и любопытныя судебныя дела, юридическия изследования знаменитых провоискусников [!] и прочия сего рода произшествия, удобныя просвещать, трогать, возбуждать к добродетели и составлять полезное и приятное времяпровождение.
_tТеатр судоведения, или Чтение для судей и всех любителей юриспруденции,
463 0 _1001RU\NLR\A1\20048
_12000#$aЧ.1
_913457652
_p[8], 222, [2] с.
_tТеатр судоведения, или Чтение для судей и всех любителей юриспруденции,. - Ч.1
_uhttps://vivaldi.nlr.ru/bx000035726/view
517 1 _aЧтение для судей и всех любителей юриспруденции
620 _dСанкт-Петербург
700 1 _4070
_4650
_7ca
_8rus
_aНовиков
_bВ. В.
_cпереводчик, очеркист
_fок. 1767 - ок. 1810
_gВасилий Васильевич
_92689868
_3RU\NLR\AUTH\770287755
702 0 _4280
_7ca
_8rus
_aЕкатерина
_cимператрица российская
_dII
_f1729-1796
_9112115
_3RU\NLR\AUTH\772098
702 1 _aГайо де Питаваль
_bФ.
_f1673-1743
_gФрансуа
_4100
702 1 _4610
_7ca
_8rus
_aВильковский
_bЕ. К.
_gЕмельян Кириллович
_9234299
_3RU\NLR\AUTH\770234355
712 0 0 _4610
_aВильковский,
_cПетербург
_gЕ. К.,
_hтипография
_9515885
_3RU\NLR\AUTH\880425676
801 0 _aRU
_bNLR
_c19980327
852 _aNLR
_j18.148.5.93
899 _aБАН
899 _aРГБ
899 _aНГОНБ
899 _aСПбГУ
_zЧ.1
942 _cBOOK
980 _aNB
980 _aA1XVIIIv